Les 20 Départements Français les plus peuplés - Statistiques

Statistiques générales
  • Ce quiz a été pris 122 fois
  • Le résultat moyen est 15 sur 20
Statistiques - réponses
Hint Réponse % Correct
2.113.705 Paris
99%
2.069.811 Bouches-du-Rhône
92%
1.681.725 Seine-Saint-Denis
90%
2.616.909 Nord
88%
1.674.980 Gironde
84%
1.470.778 Yvelines
84%
1.156.963 Bas-Rhin
83%
1.460.184 Pas-de-Calais
81%
1.419.531 Val-de-Marne
81%
1.452.399 Seine-et-Marne
79%
1.114.549 Alpes-Maritimes
78%
1.647.435 Hauts-de-Seine
77%
1.270.845 Val-d'Oise
77%
1.473.156 Loire-Atlantique
75%
1.324.546 Essonne
73%
1.217.331 Hérault
73%
1.260.205 Seine-Maritime
67%
1.456.261 Haute-Garonne
62%
1.291.380 Isère
55%
1.433.613 Métropole de Lyon
7%
Aucun quiz correspondant
Distribution des résultats
% des personnes avec chaque résultat
Percentile par nombre de réponses
Votre historique - résultats
Vous n’avez pas pris ce quiz